| 000 | 00702nam a2200217 u 4500 | ||
|---|---|---|---|
| 005 | 20240924071604.0 | ||
| 008 | 161108s2014 es r 000 0 spa d | ||
| 020 | _a9788499215211 | ||
| 035 | _aUPN01000214614 | ||
| 049 | _aCG | ||
| 050 | 4 |
_aLB1707 _bI4.2 |
|
| 100 | 1 |
_aImbernón Muñoz, Francisco _928561 |
|
| 245 | 1 | 0 |
_aCalidad de la enseñanza y formación del profesorado : _bun cambio necesario / _cFrancisco Imbernón Muñoz. |
| 260 |
_aBarcelona, Esp. : _bOctaedro : _bICE, _c2014. |
||
| 300 |
_a221 p. : _bil. gráfs. |
||
| 440 | 0 | _aRecursos educativos | |
| 650 | 4 |
_aMaestros _xFormación profesional _9804 |
|
| 650 | 4 |
_aCalidad de la educación _94684 |
|
| 905 | _aLibro | ||
| 999 |
_c186714 _d186714 |
||